Jedzenie na S - Statystyki

Ogólne statystyki
  • Ten quiz został rozwiązany 325 razy
  • Średni wynik to 4 z 9
Statystyki odpowiedzi
Hint Odpowiedź % Poprawnych
1. Ser
79%
5. Szynka
57%
3. Sałatka
53%
6. Schabowy
43%
4. Sushi
43%
8. Salami
42%
7. Sernik
36%
2. Spagetti
30%
9. Szpinak
30%
Nie znaleziono quizów pasujących do podanych kryteriów
Rozkład punktacji
Procent ludzi z każdym wynikiem
Percentyl według liczby udzielonych odpowiedzi
Twoja historia wyników
Nie rozwiązałeś tego quizu